000 00529nam a22001937a 4500
003 KOHA_MİRAKIL
005 20251118095407.0
008 251118b tu ||||| |||| 00| 0 tur d
020 _a9786057639394
040 _aTR-AnABB
_btur
_cTR-AnABB
041 _atur
082 _a791.401
_bSTE 2021
100 1 _aStephens, James,
245 1 0 _aAltın küpü /
_cJames Stephens
260 _aİstanbul :
_bDedalus Kitap,
_c2021
300 _a195 sayfa ;
_c21 cm
650 0 4 _aİrlanda edebiyatı, roman
942 _2ddc
_cBK
999 _c9516
_d9516
900 _bGizem YORULMAZ